Congress and public policy: a source book of documents and readings

Guardat en:
Dades bibliogràfiques
Autors principals: Kozak, David C (Autor), Macartney, John D (Autor)
Format: Llibre
Idioma:anglès
Publicat: Homewood Dorsey 1982
Matèries:
Etiquetes: Afegir etiqueta
Sense etiquetes, Sigues el primer a etiquetar aquest registre!

MARC

LEADER 00000nam a2200000 a 4500
001 UCO7645
003 CL-VaPUC
008 001117e19820000US |||||||||||||||||eng|d
082 0 4 |a 328.7304  |b KOZ  |2 21 
100 0 |a Kozak, David C  |e author  |9 452263 
700 0 |a Macartney, John D  |e author  |9 452264 
245 1 0 |a Congress and public policy: a source book of documents and readings 
300 |a 522 p 
942 |c BK 
945 |d 20001117 00:00:00  |a crobeson 
260 |a Homewood  |b Dorsey  |c 1982 
500 |a Donación del profesor Manfred Wilhelmy von Wolff 
650 0 |a Poder legislativo  |9 258808 
650 0 |a Partidos políticos  |9 254999 
650 0 |a Derecho constitucional   |9 222588 
651 0 |a Estados Unidos  |9 255178 
583 |a last modification  |c 20001117 00:00:00  |k Rodrigo Vera 
999 |c 292531  |d 292529 
952 |0 0  |1 0  |4 0  |6 328_730400000000000_KOZ_1982  |7 0  |8 A  |9 343453  |a BIBHIS  |b BIBHIS  |d 2019-11-20  |i 1229249  |o 328.7304 KOZ 1982  |p 1229249  |r 2025-01-20  |w 2019-11-20  |y BK  |k HIS